00640nam a2200193Ia 4500003000900000008004100009040001600050080001500066100003300081245007100114260003900185300001500224650001800239650004100257650001000298942000700308999001500315952011600330IN-BaIIA211028s9999 xx 000 0 eng d cIIA Library a524.3bALL aAllen, Richard Hinckle95692 0aStar namesbtheir lore and meaningcRichard Hinckle Allen  aNew YorkbDover Publicationsc1963 axiv, 563p. aAstronomy980 aAstronomy and astrophysics thesaurus aStars cBK c3207d3207 00104070aBANbBANcGENd1969-03-03g18.00l0o524.3/ ALLp3562r2021-11-05v18.00w1969-03-03yBKGRs. 18.00